Find That Country: Hot or Cold IV Quiz Stats

 Plays Quiz Updated Feb 13, 2019

     
Support Sporcle.
Go Orange.
Score 0/5 Timer 04:00
9 Plays Today
Hint Country % Correct
Country #3Laos
84.1%
Country #5Bosnia and Herzegovina
68.6%
Country #4Qatar
58.6%
Country #1Saint Kitts and Nevis
52.9%
Country #2Equatorial Guinea
44.8%

From the Vault

Trivia Field II

by vikZ

Sometimes we just like to sit in the backyard and watch the trivia grow.
Remove Ads.
Support Sporcle.
Get the best of Sporcle when you Go Orange. This ad-free experience offers more features, more stats, and more fun while also helping to support Sporcle. Thank you for becoming a member.

Show Comments

Extras

Top Quizzes Today


Score Distribution

Your Account Isn't Verified!

In order to create a playlist on Sporcle, you need to verify the email address you used during registration. Go to your Sporcle Settings to finish the process.

Report this User

Report this user for behavior that violates our Community Guidelines.

Details: